Quizzes
Events
Quiz Creation
Community
Videos
Private Events
Remove Ads
Sign In
Join for FREE
Feedback
Dark Mode
Quiz Categories
Sports
Geography
Music
Movies
Television
Just For Fun
Miscellaneous
History
Literature
Language
Science
Gaming
Entertainment
Religion
Holiday
For Kids
Quiz Lab
Recent
Popular Today
Quiz Kudos Today
Editor Picks
Curator Picks
Quizzes by...
Day
Popularity
Type
Ratings
Length
Year
Community
Subscriptions
Recent Discussions
Orange Saloon
Badges
Playlists
Quests
Create
Leaderboards
Showdown
Live 5
Trivia Bingo
Activity
Puzzle Library
Sporcle Events
Private Events
Virtual Trivia
Globe League
Become a Host
Pub Owners
SporcleCon
Opinionation
Our Games
Videos
Blog
Mobile Apps
Partnerships
Remove Ads and Go Orange
Feedback
Science
Computer
Plants
Astronomy
Chemistry
Elements
Math
Animal
Physics
Anatomy
Biology
Geology
General Science
Science
Computer
Plants
Astronomy
Chemistry
Elements
Math
Animal
Physics
Anatomy
Biology
Geology
General Science
Random Quiz
Search Sporcle
×
Quiz Lab
Quiz Lab
Science
Animal
Type in answers that appear in a list
Type in answers that appear in a list
Classic
Best Score? Go Orange.
What Animal.... Stats
Can you name the animal?
By
Mattchicago
5m
15 Questions
3,484 Plays
3,484 Plays
3,484 Plays
Comments
Comments
Give Quiz Kudos
Give Quiz Kudos
-
- Ratings
hide this ad
Replay
Link that replays current quiz
Next Quiz
Link to next quiz in quiz playlist
You Got
0%
They Got
Avg Score
47%
Avg Friend Score
Upgrade to see
Score Distribution
Jump to the score distribution portion of the page
Score
0/15
Timer
05:00
0
Plays Today
Characteristic
Animal
% Correct
Fastest land animal
Cheetah: 70 mph...113 kph
88%
Fastest bird on land
Ostrich: runs at 43 mph...69 kph
87.5%
Largest egg
Ostrich: up to 3.3 pounds...1.5 kilos
87.4%
Tallest land animal
Giraffe: can reach 19 feet tall...5.9 meters
87.2%
Longest gestation period
African Elephant: 660 days; maximum of 760 days
80.6%
Largest animal to ever inhabit the earth
Blue Whale: 108 ft...32.9m---379,195 lbs
69.5%
Fastest animal on the planet
Peregrine Falcon: dives at 200 mph...322 kph
41%
Largest eyes in the world
Giant Squid: 10 in...25 cm: the diameter of a v-ball
37.5%
Characteristic
Animal
% Correct
Fastet mammal in the water
Orca: 48 mph...77kph
31%
Loudest land animal
Howler Monkey: heard up to 3 miles...4.7 km away
30.5%
Fastest shark
Mako: 60 mph...97 kph
25.8%
Fastest marine animal
Sailfish: 70 mph...113 kph
20.6%
Highest flying bird
Ruppell’s vulture: Hit an airliner at 37,000 ft...11,277 m
12.6%
Fastest reptile
Spiny-tailed Iguana: 21 mph...34 kph
8%
Fastest insect
Hawk Moth: 33 mph...53 kph
1.4%
Quiz Playlist
Details
Report
Send in Message
Add To Playlist
Classic:
Type in answers that appear in a list
Last Updated: Feb 16, 2017
Quiz Scoreboard
CHALLENGE
Sign Up to Join the Scoreboard
Show All
Scores
Hide
Comments
May contain spoilers
Recently Published
TV Characters by Other Roles V
by ghcgh
Television
5m
Decade Duel: World Leaders
by jenniferyan
History
4m
Alphabetical 'K' Countries by Flag Minefield
by ylime102
Geography
3m
More to Explore
Quiz From the Vault
Featured Blog Post
15 Basketball Trivia Facts You Can Be March Mad About
hide this ad
You Might Also Like...
Tags
Animal Quiz
Character
Today's Top Quizzes in Science
Browse Science
hide this ad
Today's Top Quizzes in Animal
Browse Animal
Top Contributed Quizzes in Science
1
Pick 6: Animals
2
Group Clicking: Animals II
3
Find the Spring Animals
4
The First 100 Digits of Pi
5
what months are considered part of the spring season/us
6
Why is the sky blue? And other physics questions.
7
Label the Skeleton -
8
Flowers by Accent Chairs
9
Needlepoint Flowers
10
Needlepoint Flowers II
Explore More
Trending Topics
NBA
Marvel
Kpop
Anime
Harry Potter
Disney
Crossword
Pokémon
WWE
The Office
Country
Puzzle
NFL
Song
Soccer
hide this ad
More By:
Mattchicago
Quiz
Plays
Rating
Category
Featured
Created
5 Pillars of Islam
98,968
4.49
Religion
Jun 1, 2009
Harry Potter Trivia #1
21,677
3.33
Literature
Nov 20, 2009
Alkaline Earth Metals
20,721
4.47
Science
Dec 24, 2009
Halogen Elements
19,405
4.52
Science
Dec 24, 2009
Transition Metals
15,292
4.78
Science
Dec 24, 2009
Go to Creator's Profile
Score Distribution
Quiz Creator Spotlight
Mattchicago
Follow
Send a Message
Quizzes Created
-
Created Quiz Play Count
-
More By This Creator
Popular Quizzes Today
1
Countries of Asia Without Outlines Minefield
2
Find the US States - No Outlines Minefield
3
Pick 6: Fruits
4
The Countries of the World
5
Alphabetical 'K' Countries by Flag Minefield
6
Find the Countries of Europe - No Outlines Minefield
7
US States
8
Find the US States
More Science Quizzes
Letter Pyramid - Chemical Elements
Published
Trending Quizzes
Pick 6: Mountains
Pick 6: Harry Potter
Pick 6: Flags
Pick 6: NFL Teams
Pick 6: Movie Franchises
Recently Updated
Adaptations: Name the Title
pecheneg
NWSL Teams
pecheneg
Women's Final Four Teams by Year
bhenderson79
Presidents Quartet II
eogle
Anything But Clue(do)
eogle
Anything But Oceanian Capitals
eogle
Anything But 7
eogle
Anything But Thing
eogle
Word Ladder: February 29
pecheneg
Song Title Questions
pecheneg
Trending Topics
Harry Potter
NBA
Kpop
Disney
Anime
Crossword
Marvel
WWE
Song
Soccer
Puzzle
Country
NFL
The Office
Pokémon
Your Account Isn't Verified!
In order to create a playlist on Sporcle, you need to verify the email address you used during registration. Go to your
Sporcle Settings
to finish the process.
Report this User
Report this user for behavior that violates our
Community Guidelines
.
Details:
Send Report
Go to the Sporcle.com Mobile Site →
Comments